000 01123na a2200349 4500
001 17995
003 MIRAKIL
005 20181213154941.0
008 170225b tu 000 0
035 _a17995
040 _aMilas
_btur
_cTR-AnCHP
041 _atur
082 _aCHP 323
_bC36d 2001
090 _aBROŞÜR 79
110 _aCumhuriyet Halk Partisi (CHP)
245 _aDemokratikleşme raporu
_bİnsan hakları ve hukuk devleti
_b(Haziran 2001)
_cCHP
246 _aİnsan hakları ve hukuk devleti
260 _aAnkara
_bCHP
_c2001
300 _a160 s.
_c19 sm.
440 _aCumhuriyet Halk Partisi yayınları
_pRaporlar
610 _aCHP
_xHukuk devleti
_yRaporlar
610 _aCHP
_xDemokratikleşme
_yRaporlar
610 _aCHP
_xİnsan hakları
_yRaporlar
651 _aTürkiye
_xSiyaset ve yönetim
_yEleştiriler ve yorumlar
657 _aCHP demokratikleşme raporu
657 _aDemokrasi ve insan hakları
740 _aDemokratikleşme ve insan hakları raporu
740 _aİnsan hakları ve hukuk devleti
830 _aCHP raporları
942 _2ddc
_cBKS
999 _c3734
_d3734